Adam Smith : (Record no. 12939)
[ view plain ]
| 000 -LEADER | |
|---|---|
| fixed length control field | 01081cam a2200325 4500 |
| 001 - CONTROL NUMBER | |
| control field | 1266450 |
| 005 - DATE AND TIME OF LATEST TRANSACTION | |
| control field | 20201128020813.0 |
| 008 - FIXED-LENGTH DATA ELEMENTS--GENERAL INFORMATION | |
| fixed length control field | 740918r20082010enk |rb 001 0beng |
| 010 ## - LIBRARY OF CONGRESS CONTROL NUMBER | |
| LC control number | 74179704 |
| 020 ## - INTERNATIONAL STANDARD BOOK NUMBER | |
| International Standard Book Number | 0230277004 |
| 020 ## - INTERNATIONAL STANDARD BOOK NUMBER | |
| International Standard Book Number | 9780230277007 |
| 040 ## - CATALOGING SOURCE | |
| Original cataloging agency | DLC |
| Transcribing agency | DLC |
| Modifying agency | DLC |
| 043 ## - GEOGRAPHIC AREA CODE | |
| Geographic area code | d |
| 050 00 - LIBRARY OF CONGRESS CALL NUMBER | |
| Classification number | UH720 |
| Item number | .K46 |
| 082 00 - DEWEY DECIMAL CLASSIFICATION NUMBER | |
| Classification number | 330.153092 |
| Item number | KEN |
| Edition number | 22 |
| 100 1# - MAIN ENTRY--PERSONAL NAME | |
| Personal name | Kennedy, Gavin. |
| 9 (RLIN) | 9456 |
| 245 14 - TITLE STATEMENT | |
| Title | Adam Smith : |
| Remainder of title | A Moral Philosopher and his Political Economy / |
| Statement of responsibility, etc | Gavin Kennedy |
| 250 ## - EDITION STATEMENT | |
| Edition statement | 2nd ed. |
| 260 ## - PUBLICATION, DISTRIBUTION, ETC. (IMPRINT) | |
| Place of publication, distribution, etc | Hampshire: |
| Name of publisher, distributor, etc | Palgrave Macmillan, 2010 |
| Date of publication, distribution, etc | 2010 |
| 300 ## - PHYSICAL DESCRIPTION | |
| Extent | xi, 224 p.; |
| Dimensions | 22 cm. |
| 490 ## - Series Statement | |
| -- | 22916 |
| Series statement | Great Thinkers in Economics Series |
| 500 ## - GENERAL NOTE | |
| General note | Donated by: Alaa Abdel Ghany |
| 504 ## - BIBLIOGRAPHY, ETC. NOTE | |
| Bibliography, etc | Includes bibliographical referencesp. 199-209 and index |
| 600 ## - SUBJECT ADDED ENTRY--PERSONAL NAME | |
| 9 (RLIN) | 2793 |
| Personal name | Smith, Adam, |
| Dates associated with a name | 1723-1790. |
| 650 #0 - SUBJECT ADDED ENTRY--TOPICAL TERM | |
| Topical term or geographic name as entry element | Economics. |
| 9 (RLIN) | 14532 |
| Geographic subdivision | Great Britain |
| 650 #0 - SUBJECT ADDED ENTRY--TOPICAL TERM | |
| Topical term or geographic name as entry element | Economists |
| 9 (RLIN) | 22917 |
| Geographic subdivision | Great Britain |
| 651 #0 - SUBJECT ADDED ENTRY--GEOGRAPHIC NAME | |
| Geographic name | Developing countries |
| General subdivision | Military policy. |
| 9 (RLIN) | 9458 |
| 651 #0 - SUBJECT ADDED ENTRY--GEOGRAPHIC NAME | |
| Geographic name | Developing countries |
| General subdivision | Politics and government. |
| 9 (RLIN) | 9459 |
| 942 ## - ADDED ENTRY ELEMENTS (KOHA) | |
| Source of classification or shelving scheme | Dewey Decimal Classification |
| Item type | Book - Borrowing |
| Withdrawn status | Item status | Source of classification or shelving scheme | Damaged status | Not for loan | Vendor | Home library | Current library | Shelving location | Date acquired | Source of acquisition | Cost, normal purchase price | Serial Enumeration / chronology | Total Checkouts | Full call number | Barcode | Date last seen | Date last borrowed | Koha item type | Public note |
|---|---|---|---|---|---|---|---|---|---|---|---|---|---|---|---|---|---|---|---|
| Dewey Decimal Classification | AUC | Central Library | Central Library | First floor | 18/11/2009 | 198.00 | 12033 | 1 | 322.5091724 KEN | 000023133 | 15/07/2025 | 02/10/2011 | Book - Borrowing | Donated by: Alaa Abdel Ghaney |